Statistics for Stations on Sydney's T1 Line

Click here to take the quiz!

General Stats

  • This quiz has been taken 15 times
  • The average score is 35 of 56

Answer Stats

NumberAnswer% Correct
24Central
100%
15Chatswood
91%
32Parramatta
91%
25Redfern
91%
23Town Hall
91%
5Hornsby
82%
27Lidcombe
82%
21Milsons Point
82%
20North Sydney
82%
26Strathfield
82%
22Wynyard
82%
16Artarmon
73%
28Auburn
73%
1Berowra
73%
29Clyde
73%
11Gordon
73%
3Mount Colah
73%
55Penrith
73%
10Pymble
73%
17St Leonards
73%
7Wahroonga
73%
6Waitara
73%
33Westmead
73%
18Wollstonecraft
73%
4Asquith
64%
38Blacktown
64%
56Emu Plains
64%
12Killara
64%
13Lindfield
64%
2Mount Kuring-Gai
64%
14Roseville
64%
37Seven Hills
64%
9Turramurra
64%
8Warrawee
64%
19Waverton
64%
30Granville
55%
52St Marys
55%
34Wentworthville
55%
49Doonside
45%
31Harris Park
45%
54Kingswood
45%
51Mount Druitt
45%
48Richmond
45%
41Schofields
45%
53Werrington
45%
45Windsor
45%
46Clarendon
36%
47East Richmond
36%
39Marayong
36%
44Mulgrave
36%
35Pendle Hill
36%
40Quakers Hill
36%
42Riverstone
36%
50Rooty Hill
36%
36Toongabie
36%
43Vineyard
36%

Score Distribution

Percentile by Number Answered

Percent of People with Each Score

Your Score History

You have not taken this quiz